000 01792nam a22003377a 4500
003 OSt
005 20230525095537.0
008 221006b |||||||| |||| 00| 0 eng d
040 _cBiblioteca Lado V
082 _a700
_bG599c
110 _9831
_aGoethe-Institut
_eEditor
245 _aHumboldt/
260 _bSDV Saarbrucker Druckerei und Verlag GmbH
_c2003
_aAlemania
300 _c21x28cm
_a76p.
366 _espa
490 _a139
_v45
_x0018-7615
505 _aEl escándalo del poder...
_gUlrich Beck Jurgen Habermas Gunther Maihold Fernando Bryce El accidente es universal El bracero de una identidad globalizada Los sacrificios humanos en el teatro musical moderno El dramaturgo y los señores de la guerra Nosotros, los vandalos El quinto censor Gunter Muchler Un terremoto en Chile
505 _aNotas
505 _aMiscelanea
_gAztecas Voyeurismo en el lupanar De la necesidad de dar buena acogida a las mujeres extranjeras Revaluacion de dos artistas Hacia nuevas orillas literarias Lo que me atrae es la linea curva y sensual El diablo trsita La cabeza es redonda para las ideas pueden cambiar de direccion
505 _aNoticiario
650 _2Tesauro de Arte & Arquitectura
_aARTE
_9703
650 _2Tesauro de Arte & Arquitectura
_aPINTURA
650 _2Tesauro de Arte & Arquitectura
_aFOTOGRAFIA
_9702
650 _2Tesauro de Arte & Arquitectura
_aENTREVISTAS
650 _2Tesauro de Arte & Arquitectura
_aMISCELANEA
650 _2Tesauro de Arte & Arquitectura
_aREPORTAJES
650 _2Tesauro de Arte & Arquitectura
_aESPAÑOL
650 _2Tesauro de Arte & Arquitectura
_aARTE EUROPEO
651 _2Tesauro de Arte & Arquitectura
_aALEMANIA
942 _2ddc
_c1
_h700
_iG599c
_n0
999 _c3729
_d3729